LIS Education: (Record no. 52447)

MARC details
000 -LEADER
fixed length control field 00618nam a22002177a 4500
003 - CONTROL NUMBER IDENTIFIER
control field OSt
008 - FIXED-LENGTH DATA ELEMENTS--GENERAL INFORMATION
fixed length control field 260629b |||||||| |||| 00| 0 eng d
020 ## - INTERNATIONAL STANDARD BOOK NUMBER
International Standard Book Number 9789391734367
082 ## - DEWEY DECIMAL CLASSIFICATION NUMBER
Classification number 020.71
Item number S61L
100 ## - MAIN ENTRY--PERSONAL NAME
Personal name Singh, KP
245 ## - TITLE STATEMENT
Title LIS Education:
Remainder of title Pragmatic Paradigm Shift
Statement of responsibility, etc. Singh, KP
260 ## - PUBLICATION, DISTRIBUTION, ETC. (IMPRINT)
Place of publication, distribution, etc New Delhi
Name of publisher, distributor, etc TTPP, New Delhi
Date of publication, distribution, etc 2022
300 ## - PHYSICAL DESCRIPTION
Extent 341p.
365 ## - TRADE PRICE
Price note 2595.00
650 ## - SUBJECT ADDED ENTRY--TOPICAL TERM
Topical term or geographic name as entry element Library education $x Curriculum.
650 ## - SUBJECT ADDED ENTRY--TOPICAL TERM
Topical term or geographic name as entry element Information science $x Study and teaching.
650 ## - SUBJECT ADDED ENTRY--TOPICAL TERM
Topical term or geographic name as entry element Pragmatism
650 ## - SUBJECT ADDED ENTRY--TOPICAL TERM
Topical term or geographic name as entry element Educational change.
650 ## - SUBJECT ADDED ENTRY--TOPICAL TERM
Topical term or geographic name as entry element Library education $x Forecasting.
942 ## - ADDED ENTRY ELEMENTS (KOHA)
Source of classification or shelving scheme
Koha item type Books
Holdings
Withdrawn status Lost status Source of classification or shelving scheme Damaged status Not for loan Home library Current library Shelving location Date acquired Source of acquisition Currency Cost, normal purchase price Total Checkouts Full call number Barcode Date last seen Bill Date Koha item type Public note Bill Number
          Dr. Rajendra Prasad Central Agricultural University Pusa, Dr. Rajendra Prasad Central Agricultural University Pusa, General Stacks 29/06/2026 TTPP, New Delhi INR 2595.00   020.71 S61L 87710 29/06/2026 29/01/2026 Books Library Science Book IN-00449
Hosted, Implemented, Customized & Maintained by: BestBookBuddies

Powered by Koha